000 00303nam a2200145Ia 4500
100 _aBartee T.C.
942 _cBK
654 _acomputer
245 _aDigital Computer Fundamentals
260 _bMc Graw Hill Int
_c1982
082 _a5.1
_bBAR
300 _a637
546 _aENGLISH
999 _c27052
_d27052